Statistics for Five Countries on the Most Wikipedias by Continent

Click here to take the quiz!

General Stats

  • This quiz has been taken 65 times
  • The average score is 22 of 30

Answer Stats

#Country% Correct
Asia282China
96%
Europe289Russia
95%
Oceania258Australia
91%
North America287United States
91%
South America270Brazil
89%
Africa254Egypt
89%
Oceania227New Zealand
89%
South America258Argentina
87%
Asia272India
87%
Africa247South Africa
87%
Europe281Italy
85%
North America267Canada
84%
Europe280Germany
84%
Asia291Japan
82%
South America284Chile
80%
North America253Mexico
80%
North America219Cuba
76%
Oceania188Fiji
76%
Oceania188Papua New Guinea
75%
South America245Colombia
71%
South America236Venezuela
69%
Africa243Algeria
62%
Africa237Ethiopia
56%
Asia288Turkey
56%
North America208Jamaica
51%
Europe283Norway
44%
Oceania185Nauru
42%
Asia264Vietnam
36%
Europe293Finland
33%
Africa234Angola
22%

Score Distribution

Percentile by Number Answered

Percent of People with Each Score

Your Score History

You have not taken this quiz